Most Streamed Kanye Songs - Statistics

General Stats
  • This quiz has been taken 55 times
  • The average score is 12 of 20
Answer Stats
Hint Answer % Correct
1.5B Stronger
85%
1.2B Flashing Lights
83%
856M Runaway
83%
1.5B Heartless
81%
1B Bound 2
77%
1.2B Gold Digger
77%
1B Power
73%
854M I Wonder
69%
1.5B Ni**as in Paris
69%
798M Homecoming
63%
783M All Falls Down
60%
671M CARNIVAL
58%
1.2B Father Stretch My Hands Pt.1
58%
758M All of The Lights
54%
718M Violent Crimes
50%
694M Can't Tell Me Nothing
48%
1.2B FourFiveSeconds
27%
650M Forever
19%
835M American Boy
17%
726M I Love It
13%
No matching quizzes found
Score Distribution
Percent of People with Each Score
Percentile by Number Answered
Your Score History
You have not taken this quiz